000
00319 a2200157 4500
001
186917
020
_a
040
_c
Magnum
100
_a
Ayala, Walmir
240
1
0
_a
A lenda do bem-te-vi
_l
por
245
1
0
_a
A lenda do bem-te-vi
300
_a
4
362
0
_a
1994
697
_a
LITERATURA INFANTO
942
_c
BK
999
_c
186917
_d
186917